000 00447nab a22001457 4500
003 ES-SlBCS
005 20240720133427.0
008 240720s2024 sp ||||| |||| 00| 0 spa d
040 _aES-SlBCS
_bspa
041 _aspa
100 1 _aIsidoris, Valentina
_9426612
245 1 _aEl testimonio de Médicos con África (CUAMM) en África
_cValentina Isidoris
773 0 _gRev. 406, 2024, págs. 47-56
_tConcilium
_wRev134
_x0210-1041
942 _2lcc
_cAR
999 _c897099
_d897099